000 00810cam a22002531 4500
001 sa 68001476
003 DLC
005 20260227112433.0
008 710903s1962 pk b 000 0beng
010 _asa 68001476
025 _aPL480:P-E-1192
040 _aDLC
_cDLC
_dDLC
050 0 0 _aPK2198.A44
_bZ78
100 1 _aMirzā, Vaḥīd.
245 1 4 _aThe life and works of Amir Khusrau.
260 _aLahore,
_bUniversity of the Panjab,
_c1962.
300 _aiii, 262 p.
_c26 cm.
350 _aRs12
440 0 _aPanjab University oriental publications
500 _a"Thesis submitted for the Ph. D. degree of the London University in 1929."
504 _aBibliography: p. [241]-243.
600 0 0 _aAmīr Khusraw Dihlavī,
_dapproximately 1253-1325.
650 0 _aAuthors, Persian
_zIndia
_xBiography.
999 _c77979
_d77979